Jennie - Seoul City (Lyrics) - Statistics

General Stats
  • This quiz has been taken 156 times
  • The average score is 124 of 178
Answer Stats
Lyrics % Correct
me
96%
me,
96%
I
94%
you
94%
city
90%
my
90%
Seoul
90%
your
90%
to
84%
Give
83%
give
83%
in
83%
in,
83%
In
83%
see
80%
do
79%
do,
79%
general,
79%
General
79%
soul
79%
Tell
77%
at
76%
what
76%
mind
74%
can
72%
be,
68%
be
68%
of
68%
of,
68%
+82,
67%
could
67%
He
67%
listen
67%
Mr.
67%
oh
67%
Oh
67%
attitude
66%
touch
66%
control
63%
Only
63%
out
63%
paradise
63%
up,
62%
up
62%
Yeah,
62%
yeah
62%
please?
61%
please,
61%
pretty
61%
Pretty
61%
let
60%
make
60%
boss,
59%
life
59%
miracle
59%
that
59%
thigh
59%
Don't
57%
says
56%
leave
55%
some
55%
breathe?
54%
love,
54%
(Ah,
52%
ah)
52%
dare
52%
it
52%
Look
52%
Ooh
52%
(Ooh
52%
ooh)
52%
right
52%
ease
51%
Would
51%
Flying
50%
hug,
49%
lights,
49%
need
44%
prize,
44%
eye,
40%
pick
40%
sight
40%
Apple
38%
Frame
37%
draw
33%
puts
32%
Hey,
22%
hey
22%
ayy,
12%
No matching quizzes found
Score Distribution
Percent of People with Each Score
Percentile by Number Answered
Your Score History
You have not taken this quiz